Datos para el estudio del proyecto arancel de 1919. (Record no. 51929)

MARC details
000 -LEADER
campo de control de longitud fija 00593nam a2200193 i 4500
001 - NÚMERO DE CONTROL
campo de control 51929
003 - IDENTIFICADOR DE NÚMERO DE CONTROL
campo de control ES-MaACL
005 - FECHA Y HORA DE LA ÚLTIMA TRANSACCIÓN
campo de control 20250826083215.0
007 - CAMPO FIJO DE DESCRIPCIÓN FÍSICA--INFORMACIÓN GENERAL
campo de control de longitud fija t|
008 - DATOS DE LONGITUD FIJA--INFORMACIÓN GENERAL
campo de control de longitud fija 030821s1919 sp ||||1| spa d
245 00 - MENCIÓN DEL TÍTULO
Título Datos para el estudio del proyecto arancel de 1919.
260 ## - PUBLICACIÓN, DISTRIBUCIÓN, ETC.
Lugar de publicación, distribución, etc. Barcelona :
Nombre del editor, distribuidor, etc. [s.n.],
Fecha de publicación, distribución, etc. 1919 (
Fabricante La Académica)
300 ## - DESCRIPCIÓN FÍSICA
Extensión 575 p. ;
Dimensiones 28 cm.
500 ## - NOTA GENERAL
Nota general Precede al tít.: Fomento del Trabajo Nacional.
650 #4 - PUNTO DE ACCESO ADICIONAL DE MATERIA--TÉRMINO DE MATERIA
Término de materia o nombre geográfico como elemento de entrada Aranceles-
Subdivisión geográfica España.
9 (RLIN) 135595
710 2# - ENTRADA AGREGADA--NOMBRE DE ENTIDAD CORPORATIVA
Nombre de entidad corporativa o nombre de jurisdicción como elemento de entrada Fomento del Trabajo Nacional (Cataluña)
9 (RLIN) 4136
852 ## - LOCALIZACIÓN
Ubicación ES-MaACL
Número de control de estantería F-1107
Holdings
Estatus retirado Estado de pérdida Estado de daño No para préstamo Biblioteca de origen Biblioteca actual Ubicación en estantería Fecha de adquisición Fuente de adquisición Total de préstamos Signatura topográfica completa Código de barras Visto por última vez Precio de reemplazo Tipo de ítem Koha
        Biblioteca del Ateneo de Madrid Biblioteca del Ateneo de Madrid Depósito 2 17/01/2008     F-1107 1054599 23/02/2023 23/02/2023 Libro impreso